|
|
|
|
| LEADER |
00000nam a2200000 a 4500 |
| 001 |
vtls001174042 |
| 003 |
SK-MaSNL |
| 005 |
20260223170308.0 |
| 008 |
250414s1877 gw 0 ger |
| 035 |
|
|
|a SNK000117026
|
| 040 |
|
|
|a SNK
|b slo
|c SNK
|e AACR2
|
| 041 |
0 |
|
|a ger
|
| 044 |
|
|
|a gw
|c DE
|
| 080 |
|
|
|a 943"1848/1877"=3
|2 1981
|
| 245 |
0 |
0 |
|a Geschichte der neuesten Zeit 1848 bis 1877. Bd. 4
|
| 260 |
|
|
|a Leipzig
|b Gustav Jock
|c [po r.1877]
|e Altenburg
|f Pierer
|
| 300 |
|
|
|a VI, 419, [1] s.
|c 20 cm
|
| 852 |
|
|
|a Slovenská národná knižnica
|
| 958 |
|
|
|a ONDV
|
| 999 |
|
|
|c 623862
|d 625792
|
| 952 |
|
|
|t P60, <04>, [BOOK], {604}
|a SNK
|b SNK
|y VYP
|7 0
|p 17A0061770
|o snkID 574/4-5
|0 0
|1 0
|4 0
|d 1997-04-19
|l 0
|r 2005-01-01 00:00:00
|w 2026-02-23
|